00413pab a2200121 454500008004000000100002000040245012300060260000900183300001400192650001600206650001800222773005100240180718b2006 xxu||||| |||| 00| 0 eng d aSvara, James H. aPoliicians and administrators in the political process - a review of themes and issues in the literature: introduction c2006 ap.953-76. aPoliticians aCivil service aInternational Journal of Public Administration